La industria madrileña desde la fundación de la villa hasta 1.400 / (Record no. 109109)

MARC details
000 -LEADER
campo de control de longitud fija 00484nam a2200157 4500
001 - NÚMERO DE CONTROL
campo de control 109109
003 - IDENTIFICADOR DE NÚMERO DE CONTROL
campo de control ES-MaACL
005 - FECHA Y HORA DE LA ÚLTIMA TRANSACCIÓN
campo de control 20230906184757.0
007 - CAMPO FIJO DE DESCRIPCIÓN FÍSICA--INFORMACIÓN GENERAL
campo de control de longitud fija t|
008 - DATOS DE LONGITUD FIJA--INFORMACIÓN GENERAL
campo de control de longitud fija 061121s1963 sp r ||||1| spa d
100 1# - ENTRADA PRINCIPAL--NOMBRE DE PERSONA
Nombre de persona Oliver Asín, Jaime.
9 (RLIN) 86829
245 13 - MENCIÓN DEL TÍTULO
Título La industria madrileña desde la fundación de la villa hasta 1.400 /
Mención de responsabilidad, etc. Jaime Oliver Asín.
260 ## - PUBLICACIÓN, DISTRIBUCIÓN, ETC.
Lugar de publicación, distribución, etc. Madrid :
Nombre del editor, distribuidor, etc. [s.n.],
Fecha de publicación, distribución, etc. 1963 (
Fabricante Imp. Domenech)
300 ## - DESCRIPCIÓN FÍSICA
Extensión 44 p. ;
Dimensiones 27 cm.
852 ## - LOCALIZACIÓN
Ubicación ES-MaACL
Número de control de estantería 2037-F-13
Sublocalización o colección R.52257
Holdings
Estatus retirado Estado de pérdida Estado de daño No para préstamo Colección Biblioteca de origen Biblioteca actual Ubicación en estantería Fecha de adquisición Fuente de adquisición Total de préstamos Signatura topográfica completa Código de barras Visto por última vez Precio de reemplazo Tipo de ítem Koha
        Colección de folletos Biblioteca del Ateneo de Madrid Biblioteca del Ateneo de Madrid Depósito folletos 17/01/2008     2037-F-13 1113847 23/02/2023 23/02/2023 Folleto